000 00616nam a2200193Ia 4500
003 GCL
008 140319s9999 xx 000 0 ara d
040 _aGCL /
_cGCL
082 0 4 _a301
_bح م
100 1 _aحسن عبدالحميد احمد رشوان
245 1 0 _aميادين علم الاجتماع ومناهج البحث العلمى /
_cحسن عبدالحميد احمد رشوان
260 _a[S.N] :
_bالمكتب الجامعى الحديث ،
_c1989
300 _a185 ص
490 _a
650 0 4 _aطرق البحث
650 0 4 _aالاجتماع
650 0 4 _aالبحث
942 _2ddc
_cBK
999 _c55791
_d55791